书目信息 |
| 题名: |
真菌毒素研究进展
|
|
| 作者: | 孟昭赫 主编 | |
| 分册: | ||
| 出版信息: | 北京 人民卫生出版社 1979 |
|
| 页数: | 465页 | |
| 开本: | 20cm | |
| 丛书名: | ||
| 单 册: | ||
| 中图分类: | R379 | |
| 科图分类: | ||
| 主题词: | 真菌毒素--研究--进展 , 医药学:微生物学 | |
| 电子资源: | ||
| ISBN: | ||
| 000 | 00622nam0 2200229 45 | |
| 001 | 0179008684 | |
| 005 | 20061123102325.45 | |
| 010 | @dCNY1.75 | |
| 091 | @a14048.3652 | |
| 100 | @a19950803d1979 em y0chiy0121 ea | |
| 101 | 0 | @achi |
| 102 | @aCN@b110000 | |
| 105 | @ay z 000yy | |
| 200 | 10 | @a真菌毒素研究进展@Azhen jun du su yan jiu jin zhan@f孟昭赫等主编 |
| 210 | @a北京@c人民卫生出版社@d1979 | |
| 215 | @a465页@c插图@d20cm | |
| 606 | @a真菌毒素@x研究@x进展 | |
| 606 | 0 | @a医药学:微生物学 |
| 690 | @aR379@v3 | |
| 701 | 0 | @a孟昭赫@Ameng zhao he@4主编 |
| 801 | 0 | @aCN@bTSSF@c20061123 |
| 905 | @a10447@dR379@e137 | |
| 真菌毒素研究进展/孟昭赫等主编.-北京:人民卫生出版社,1979 |
| 465页:插图;20cm |
| ISBN :CNY1.75 |
| ● |
| 相关链接 |
|
|
|
|
正题名:真菌毒素研究进展
索取号:R379/137
 
预约/预借
| 序号 | 登录号 | 条形码 | 馆藏地/架位号 | 状态 | 备注 |
| 1 | 0013156 | 000714882 | 第二样本阅览室/ [索取号:R379/137] | 在馆 |